Love Is A Battlefield - Pat Benatar (All Lyrics) - Statistics

General Stats
  • This quiz has been taken 18 times
  • The average score is 194 of 240
Answer Stats
Answer % Correct
a
100%
are
100%
battlefield)
100%
battlefield
100%
can
100%
I
100%
is
100%
(Love
100%
Love
100%
love
100%
No
100%
(No
100%
no
100%
to
100%
We
100%
(We
100%
we
100%
you
100%
young
100%
And
92%
for
92%
heart
92%
in
92%
long
92%
one
92%
promises
92%
so
92%
strong
92%
tell
92%
the
92%
us
92%
we're
92%
wrong
92%
your
92%
demands)
85%
demands
85%
do
85%
Do
85%
(Heartache
85%
heartache)
85%
Heartache
85%
heartache
85%
hearts
85%
know
85%
knowing
85%
me
85%
me,
85%
of
85%
our
85%
Then
85%
When
85%
when
85%
Both
77%
can't
77%
go
77%
if
77%
I'm
77%
It
77%
it
77%
Why
77%
why
77%
But
69%
by
69%
had?
69%
Searching
69%
stand)
69%
stand
69%
Will
69%
will
69%
You're
69%
you've
69%
am
62%
bad?
62%
best
62%
hurt
62%
much
62%
Or
62%
thing
62%
this
62%
way
62%
all
54%
making
54%
side
54%
There's
54%
Believe
46%
believe
46%
inside?
46%
stay
46%
chained
38%
closer
38%
control
38%
deep
38%
die
38%
get
38%
would
38%
could
31%
help
31%
hold
31%
lose
31%
away
23%
feel
23%
gets
23%
losing
23%
old
23%
trapped
23%
You'll
23%
same
15%
still
15%
surrenders
15%
Whoa
15%
need
8%
touch
8%
turn
8%
No matching quizzes found
Score Distribution
Percent of People with Each Score
Percentile by Number Answered
Your Score History
You have not taken this quiz